[Event "London CSC 5-Day U2050 op 10th"]
[Site "London"]
[Date "2018.12.12"]
[Round "4"]
[White "Landenberger, Anja Kathrin"]
[Black "Andersen, Niels Erik"]
[Result "0-1"]
[WhiteElo "1751"]
[BlackElo "1943"]
[PlyCount "66"]
[EventDate "2018.12.09"]
[EventType "swiss"]
[EventRounds "5"]
[EventCountry "ENG"]
[SourceTitle "EXT 2020"]
[Source "ChessBase"]
[SourceDate "2019.10.17"]
[SourceVersion "1"]
[SourceVersionDate "2019.10.17"]
[SourceQuality "1"]

1. d4 Nf6 2. Nf3 e6 3. Bf4 b6 4. h3 Bb7 5. e3 g6 6. Be2 Bg7 7. 0-0 0-0 8. Nbd2 d6 9. c3 Nbd7 10. Qc2 Rc8 11. Rfc1 Qe7 12. a4 a5 13. Nc4 Rfe8 14. Na3 e5 15. Bh2 exd4 16. cxd4 Nd5 17. Nb5 Nb4 18. Qd2 Nf6 19. Ne1 Bh6 20. Rxc7 Rxc7 21. Bxd6 Qe6 22. Nxc7 Qxd6 23. Nxe8 Nxe8 24. Nd3 Nxd3 25. Qxd3 Nf6 26. Qb5 Qe6 27. Bf1 Ne4 28. Qe5 Qc6 29. Qb8+ Bf8 30. Qe5 Qc2 31. Qf4 Bd6 32. Qh4 Kg7 33. g4 Bg3 0-1

[Event "London CSC 5-Day U2050 op 10th"]
[Site "London"]
[Date "2018.12.10"]
[Round "2"]
[White "Cowan, Xavier"]
[Black "Andersen, Niels Erik"]
[Result "0-1"]
[WhiteElo "1734"]
[BlackElo "1943"]
[PlyCount "84"]
[EventDate "2018.12.09"]
[EventType "swiss"]
[EventRounds "5"]
[EventCountry "ENG"]
[SourceTitle "EXT 2020"]
[Source "ChessBase"]
[SourceDate "2019.10.17"]
[SourceVersion "1"]
[SourceVersionDate "2019.10.17"]
[SourceQuality "1"]

1. d4 d5 2. c4 e6 3. Nc3 Nf6 4. e3 Be7 5. Bd3 dxc4 6. Bxc4 0-0 7. Nf3 Nbd7 8. a3 Nb6 9. Ba2 Nbd5 10. 0-0 c6 11. Qc2 Re8 12. e4 Nxc3 13. bxc3 Nd7 14. a4 Nf8 15. Be3 b6 16. c4 Bb7 17. Rab1 Qc7 18. Qc3 Bf6 19. Qb4 Rab8 20. Qb3 Ba8 21. Rfd1 Be7 22. g3 Rbd8 23. Bf4 Qc8 24. g4 Ng6 25. Bg3 Bd6 26. e5 Be7 27. Rb2 c5 28. d5 exd5 29. cxd5 Qxg4 30. h3 Qxh3 31. d6 Nh4 32. Qxf7+ Kh8 33. Bxh4 Bxf3 34. Qxf3 Qxf3 35. Rd4 Bxh4 36. Rxh4 Rxe5 37. Kf1 Rxd6 38. Bb3 Rd1+ 39. Bxd1 Qxd1+ 40. Kg2 Rg5+ 41. Rg4 Qxg4+ 42. Kf1 Qd1# 0-1

[Event "Bronshoj Lang Weekend"]
[Site "Copenhagen"]
[Date "2018.02.18"]
[Round "7"]
[White "Andersen, Niels Erik"]
[Black "Kallenbach, Olav"]
[Result "1-0"]
[WhiteElo "1914"]
[BlackElo "1845"]
[PlyCount "57"]
[EventDate "2018.02.15"]
[EventType "swiss"]
[EventRounds "7"]
[EventCountry "DEN"]
[SourceTitle "CBM 183 Extra"]
[Source "ChessBase"]
[SourceDate "2018.04.19"]
[SourceVersion "1"]
[SourceVersionDate "2018.04.19"]
[SourceQuality "1"]

1. d4 d5 2. Nf3 Nf6 3. g3 g6 4. Bg2 Bg7 5. 0-0 0-0 6. c4 c6 7. Nc3 Ne4 8. Nd2 f5 9. e3 e5 10. cxd5 Nxc3 11. bxc3 cxd5 12. Qb3 e4 13. c4 Nc6 14. cxd5 Na5 15. Qc3 Qxd5 16. Ba3 Rf6 17. Rfc1 Rc6 18. Qb4 Bd7 19. Rxc6 Bxc6 20. Bf1 Kh8 21. Rc1 b6 22. Qb2 g5 23. Bg2 Qd7 24. Bb4 Nb7 25. Nc4 Rc8 26. Ne5 Qe8 27. Qb3 Bxe5 28. dxe5 Qxe5 29. Bc3 1-0

[Event "Copenhagen Bronshoj CC-chA"]
[Site "Copenhagen"]
[Date "2017.05.04"]
[Round "7"]
[White "Sorensen, Dick"]
[Black "Andersen, Niels Erik"]
[Result "1/2-1/2"]
[WhiteElo "2013"]
[BlackElo "1934"]
[PlyCount "55"]
[EventDate "2017.03.09"]
[EventType "tourn"]
[EventRounds "9"]
[EventCountry "DEN"]
[SourceTitle "EXT 2018"]
[Source "ChessBase"]
[SourceDate "2017.10.13"]
[SourceVersion "1"]
[SourceVersionDate "2017.10.13"]
[SourceQuality "1"]

1. e4 c5 2. a3 e6 3. b4 d5 4. exd5 exd5 5. Bb5+ Nc6 6. Bb2 Nf6 7. Qe2+ Be6 8. f4 Be7 9. Bxc6+ bxc6 10. Nf3 0-0 11. Ne5 Qc7 12. c3 c4 13. d3 cxd3 14. Qxd3 a5 15. 0-0 Ne4 16. h3 Bh4 17. Qe3 c5 18. Nd2 Nxd2 19. Qxd2 cxb4 20. cxb4 axb4 21. axb4 Qb7 22. f5 Bd7 23. Ng4 Rxa1 24. Bxa1 f6 25. Qd4 Kh8 26. Ne5 Bg5 27. Nd3 Bb5 28. Kh1 1/2-1/2

[Event "Jersey op"]
[Site "St Clement Bay"]
[Date "2017.04.03"]
[Round "3"]
[White "Klingher, Dominic"]
[Black "Andersen, Niels Erik"]
[Result "1/2-1/2"]
[WhiteElo "2116"]
[BlackElo "1900"]
[PlyCount "82"]
[EventDate "2017.04.01"]
[EventType "swiss"]
[EventRounds "9"]
[EventCountry "GCI"]
[SourceTitle "CBM 177 Extra"]
[Source "ChessBase"]
[SourceDate "2017.04.27"]
[SourceVersion "1"]
[SourceVersionDate "2017.04.27"]
[SourceQuality "1"]

1. e4 c5 2. Nc3 Nc6 3. g3 g6 4. d3 Bg7 5. Bg2 e6 6. Nge2 Nge7 7. Be3 d6 8. Qd2 Nd4 9. 0-0 0-0 10. Nd1 Nxe2+ 11. Qxe2 Nc6 12. Qd2 Bd7 13. Bh6 Bxh6 14. Qxh6 Qf6 15. f4 Qg7 16. Qxg7+ Kxg7 17. Ne3 Ne7 18. Nc4 d5 19. Nd6 Bc6 20. f5 exf5 21. exf5 Nc8 22. Nxc8 Raxc8 23. f6+ Kh6 24. h4 g5 25. Rf5 gxh4 26. g4 Rfe8 27. Raf1 Re2 28. Rh5+ Kg6 29. Rxh4 d4 30. Bh3 Rce8 31. g5 R8e3 32. Bf5+ Kxg5 33. Rg4+ Kxf6 34. Bxh7+ Ke7 35. Rf2 Re1+ 36. Rf1 Rxf1+ 37. Kxf1 f6 38. Kf2 Kd6 39. Rf4 Ke7 40. Rg4 Rh3 41. Be4 Rh2+ 1/2-1/2

[Event "Copenhagen Bronshoj CC-chA"]
[Site "Copenhagen"]
[Date "2017.03.23"]
[Round "3"]
[White "Petersen, Steen Brustrup"]
[Black "Andersen, Niels Erik"]
[Result "1-0"]
[WhiteElo "2139"]
[BlackElo "1934"]
[PlyCount "51"]
[EventDate "2017.03.09"]
[EventType "tourn"]
[EventRounds "9"]
[EventCountry "DEN"]
[SourceTitle "EXT 2018"]
[Source "ChessBase"]
[SourceDate "2017.10.13"]
[SourceVersion "1"]
[SourceVersionDate "2017.10.13"]
[SourceQuality "1"]

1. e4 e6 2. f4 d5 3. e5 c5 4. Nf3 Nc6 5. c3 Qb6 6. d3 Nh6 7. Na3 Be7 8. Nc2 Nf5 9. g3 g6 10. Qe2 d4 11. Nd2 0-0 12. Ne4 f6 13. g4 Ng7 14. exf6 Bxf6 15. Nxf6+ Rxf6 16. Bg2 Bd7 17. 0-0 Re8 18. b4 e5 19. bxc5 Qxc5 20. Ba3 Qa5 21. fxe5 Rxf1+ 22. Rxf1 Qxe5 23. Qf3 Ne7 24. Qf7+ Kh8 25. Qxe7 Rxe7 26. Rf8# 1-0

[Event "Copenhagen Bronshoj CC-chA"]
[Site "Copenhagen"]
[Date "2017.03.09"]
[Round "1"]
[White "Andersen, Niels Erik"]
[Black "Christensen, Esben"]
[Result "0-1"]
[WhiteElo "1934"]
[BlackElo "2064"]
[PlyCount "68"]
[EventDate "2017.03.09"]
[EventType "tourn"]
[EventRounds "9"]
[EventCountry "DEN"]
[SourceTitle "EXT 2018"]
[Source "ChessBase"]
[SourceDate "2017.10.13"]
[SourceVersion "1"]
[SourceVersionDate "2017.10.13"]
[SourceQuality "1"]

1. d4 Nf6 2. Bg5 e6 3. e4 Be7 4. e5 Nd5 5. Bxe7 Nxe7 6. Bd3 0-0 7. f4 c5 8. Nf3 h6 9. Nbd2 d6 10. dxc5 dxe5 11. fxe5 Qa5 12. Qe2 Nbc6 13. c3 Qxc5 14. Ne4 Qd5 15. Nd6 Nxe5 16. Nxe5 Qxd6 17. 0-0-0 Qc7 18. g4 Nc6 19. Nf3 Qf4+ 20. Kb1 e5 21. h3 Be6 22. Rhf1 Rfe8 23. Bc2 Bc4 24. Bd3 Bxd3+ 25. Rxd3 e4 26. Re3 Re6 27. Nd2 Qc7 28. Rxe4 Rae8 29. Rxe6 Rxe6 30. Qc4 Qg3 31. Qf4 Qd3+ 32. Ka1 Rf6 33. Rf3 Qe2 34. Re3 Qd1+ 0-1

[Event "Jersey op"]
[Site "St Clement Bay"]
[Date "2016.04.12"]
[Round "4"]
[White "Belzo, Krzysztof"]
[Black "Andersen, Niels Erik"]
[Result "1-0"]
[WhiteElo "2047"]
[BlackElo "1910"]
[PlyCount "41"]
[EventDate "2016.04.10"]
[EventType "swiss"]
[EventRounds "9"]
[EventCountry "GCI"]
[SourceTitle "CBM 171 Extra"]
[Source "ChessBase"]
[SourceDate "2016.04.26"]
[SourceVersion "1"]
[SourceVersionDate "2016.04.26"]
[SourceQuality "1"]

1. c4 c5 2. Nc3 g6 3. Nf3 Bg7 4. d4 cxd4 5. Nxd4 Nc6 6. Nc2 Nf6 7. g3 0-0 8. Bg2 d6 9. 0-0 Be6 10. b3 Qd7 11. Re1 Bh3 12. Bh1 Ne4 13. Nxe4 Bxa1 14. Nxa1 Bf5 15. Nc2 Rfd8 16. Ne3 Rac8 17. Nd5 Qe6 18. Ng5 Qe5 19. Qd2 Qg7 20. Bb2 Qh6 21. Nxe7+ 1-0

[Event "Reykjavik op"]
[Site "Reykjavik"]
[Date "2016.03.15"]
[Round "9"]
[White "Davidsdottir, Nansy"]
[Black "Andersen, Niels Erik"]
[Result "1-0"]
[WhiteElo "1778"]
[BlackElo "1947"]
[PlyCount "51"]
[EventDate "2016.03.08"]
[EventType "swiss"]
[EventRounds "10"]
[EventCountry "ISL"]
[SourceTitle "CBM 171 Extra"]
[Source "ChessBase"]
[SourceDate "2016.04.26"]
[SourceVersion "1"]
[SourceVersionDate "2016.04.26"]
[SourceQuality "1"]

1. e4 c5 2. Nf3 d6 3. d4 cxd4 4. Nxd4 Nf6 5. Nc3 a6 6. Be2 e5 7. Nb3 Be6 8. 0-0 Be7 9. Be3 Nbd7 10. Kh1 0-0 11. f3 Qc7 12. Qd2 Rac8 13. Rad1 Rfd8 14. f4 Nb6 15. Qc1 Bc4 16. Bd3 d5 17. fxe5 Nxe4 18. Bxb6 Qxb6 19. Qf4 Rf8 20. Nxe4 Bxd3 21. cxd3 dxe4 22. Qxe4 Rc2 23. Rb1 Bg5 24. Qf5 Be3 25. d4 Rc4 26. Qd3 1-0

[Event "Reykjavik op"]
[Site "Reykjavik"]
[Date "2016.03.14"]
[Round "8"]
[White "Andersen, Niels Erik"]
[Black "Opasiak, Dustin Tennessee"]
[Result "1/2-1/2"]
[WhiteElo "1947"]
[BlackElo "1782"]
[PlyCount "75"]
[EventDate "2016.03.08"]
[EventType "swiss"]
[EventRounds "10"]
[EventCountry "ISL"]
[SourceTitle "CBM 171 Extra"]
[Source "ChessBase"]
[SourceDate "2016.04.26"]
[SourceVersion "1"]
[SourceVersionDate "2016.04.26"]
[SourceQuality "1"]

1. d4 d5 2. Nf3 Bg4 3. Ne5 Be6 4. g3 Nd7 5. Nd3 f6 6. Bg2 Bf7 7. 0-0 e6 8. e4 Bd6 9. Re1 Ne7 10. e5 fxe5 11. dxe5 Bc5 12. Nxc5 Nxc5 13. b4 Nd7 14. c4 Nb6 15. c5 Nd7 16. Nc3 c6 17. Bg5 Qc7 18. f4 h6 19. Bxe7 Kxe7 20. f5 exf5 21. e6 Bxe6 22. Bxd5 Ne5 23. Bxe6 Kxe6 24. Qe2 Rad8 25. g4 g6 26. gxf5+ gxf5 27. Qh5 Qg7+ 28. Kh1 Qg4 29. Qxg4 fxg4 30. Re4 Rd3 31. Rae1 Rxc3 32. Rxe5+ Kd7 33. Re7+ Kc8 34. Rg7 Rc2 35. Ree7 Rxa2 36. Rxb7 Re8 37. Rgc7+ Kd8 38. Rd7+ 1/2-1/2

[Event "Reykjavik op"]
[Site "Reykjavik"]
[Date "2015.03.12"]
[Round "4"]
[White "Andersen, Niels Erik"]
[Black "Barthel, Ansgar"]
[Result "0-1"]
[WhiteElo "1900"]
[BlackElo "2230"]
[PlyCount "90"]
[EventDate "2015.03.10"]
[EventType "swiss"]
[EventRounds "10"]
[EventCountry "ISL"]
[SourceTitle "CBM 165 Extra"]
[Source "ChessBase"]
[SourceDate "2015.04.21"]
[SourceVersion "1"]
[SourceVersionDate "2015.04.21"]
[SourceQuality "1"]

1. d4 Nf6 2. c4 g6 3. Nc3 Bg7 4. e4 d6 5. f3 0-0 6. Be3 Nbd7 7. Nge2 a6 8. a4 e5 9. d5 a5 10. Nc1 Nc5 11. Nd3 Nfd7 12. Nf2 f5 13. Qc2 Nf6 14. Be2 Bd7 15. 0-0-0 Rf7 16. g4 Qe7 17. gxf5 gxf5 18. Bg5 Qf8 19. Rdg1 Kh8 20. h4 Nh5 21. Be3 Bh6 22. Bg5 c6 23. Kb1 cxd5 24. exd5 Bg7 25. Bc1 Re8 26. Qd1 Nf4 27. Re1 Nxe2 28. Rxe2 e4 29. Nb5 Bxb5 30. axb5 Rfe7 31. Bg5 Bf6 32. fxe4 Nxe4 33. Nxe4 Rxe4 34. Rf2 Bd4 35. Rg2 Bg7 36. Rf1 Rxc4 37. Rgf2 Re5 38. Qd3 Rb4 39. b3 a4 40. Rb2 Ree4 41. Qd2 a3 42. Rc2 Rxb3+ 43. Kc1 Reb4 44. Qf2 Rb1+ 45. Kd2 a2 0-1

[Event "Bronshoj-ch B"]
[Site "Bronshoj"]
[Date "2015.??.??"]
[Round "4"]
[White "Andersen, Niels Erik"]
[Black "Tandrup, Michael"]
[Result "0-1"]
[WhiteElo "1900"]
[BlackElo "1958"]
[PlyCount "50"]
[EventDate "2015.03.05"]
[EventType "tourn"]
[EventRounds "9"]
[EventCountry "DEN"]
[SourceTitle "EXT 2024"]
[Source "ChessBase"]
[SourceDate "2023.10.10"]
[SourceVersion "1"]
[SourceVersionDate "2023.10.10"]
[SourceQuality "1"]

1. d4 Nf6 2. c4 g6 3. Nc3 d5 4. cxd5 Nxd5 5. Bd2 Bg7 6. e4 Nxc3 7. Bxc3 0-0 8. Nf3 c5 9. d5 Bg4 10. Bxg7 Kxg7 11. Be2 Bxf3 12. gxf3 Qa5+ 13. Kf1 Nd7 14. f4 Qb4 15. Qc2 f5 16. exf5 Qxf4 17. Bb5 Ne5 18. fxg6 hxg6 19. Rg1 a6 20. Re1 Rf6 21. Bd7 Raf8 22. Re4 Qxf2+ 23. Qxf2 Rxf2+ 24. Ke1 Nxd7 25. Rxe7+ R2f7 0-1

[Event "Bronshoj-ch B"]
[Site "Bronshoj"]
[Date "2015.??.??"]
[Round "2"]
[White "Hellegaard, Dennis"]
[Black "Andersen, Niels Erik"]
[Result "1/2-1/2"]
[WhiteElo "1960"]
[BlackElo "1900"]
[PlyCount "50"]
[EventDate "2015.03.05"]
[EventType "tourn"]
[EventRounds "9"]
[EventCountry "DEN"]
[SourceTitle "EXT 2024"]
[Source "ChessBase"]
[SourceDate "2023.10.10"]
[SourceVersion "1"]
[SourceVersionDate "2023.10.10"]
[SourceQuality "1"]

1. d4 d5 2. c4 e6 3. Nf3 Nf6 4. Nc3 Nbd7 5. Bg5 c6 6. c5 Qc7 7. e3 Be7 8. Bf4 Qa5 9. Rb1 Nh5 10. b4 Qd8 11. Bd3 Nxf4 12. exf4 0-0 13. 0-0 Bf6 14. Ne5 g6 15. b5 Nxe5 16. fxe5 Bg7 17. bxc6 bxc6 18. Qa4 Qc7 19. Rb2 f6 20. f4 fxe5 21. fxe5 Rxf1+ 22. Bxf1 Bd7 23. Ba6 Rb8 24. Rxb8+ Qxb8 25. Qb3 Qc7 1/2-1/2

[Event "Reykjavik op"]
[Site "Reykjavik"]
[Date "2014.03.11"]
[Round "9"]
[White "Marentini, Marcel"]
[Black "Andersen, Niels Erik"]
[Result "1/2-1/2"]
[WhiteElo "2155"]
[BlackElo "1940"]
[PlyCount "109"]
[EventDate "2014.03.04"]
[EventType "swiss"]
[EventRounds "10"]
[EventCountry "ISL"]
[SourceTitle "CBM 159 Extra"]
[Source "ChessBase"]
[SourceDate "2014.04.24"]
[SourceVersion "1"]
[SourceVersionDate "2014.04.24"]
[SourceQuality "1"]

1. Nf3 Nf6 2. c4 e6 3. g3 b6 4. Bg2 Bb7 5. 0-0 Be7 6. b3 0-0 7. Bb2 c5 8. d4 d5 9. cxd5 Nxd5 10. Nbd2 Nf6 11. dxc5 Bxc5 12. Nc4 Nbd7 13. Qd2 b5 14. Nd6 Bd5 15. Nxb5 Ne4 16. Qf4 Rc8 17. h4 Qb6 18. Nbd4 Bd6 19. Qg4 Ndf6 20. Qh3 Nxg3 21. fxg3 Rc2 22. Rab1 Bxf3 23. Bxf3 Rxb2 24. e3 Rxb1 25. Rxb1 Bc5 26. Qg2 Rd8 27. Kh1 Nd5 28. Nc2 Bxe3 29. Rd1 Bc5 30. Bxd5 exd5 31. Rxd5 Rxd5 32. Qxd5 h6 33. Qe4 Qd6 34. Kg2 Qf6 35. Qe2 Bb6 36. Ne1 Qg6 37. Nd3 Bc7 38. Qf3 Qd6 39. Nf2 Bb6 40. Ne4 Qd4 41. Qe2 Qg1+ 42. Kf3 Qd4 43. Kg2 Qg1+ 44. Kf3 Qd4 45. Nf2 Qd5+ 46. Qe4 Qd2 47. Qe2 Qd5+ 48. Qe4 Qd2 49. Nd3 Qxa2 50. Qe8+ Kh7 51. Qxf7 Qc2 52. Qf5+ Kh8 53. Qf8+ Kh7 54. Qf5+ Kh8 55. Qf8+ 1/2-1/2

[Event "Reykjavik op"]
[Site "Reykjavik"]
[Date "2014.03.08"]
[Round "6"]
[White "Andersen, Niels Erik"]
[Black "Barthel, Ansgar"]
[Result "0-1"]
[WhiteElo "1940"]
[BlackElo "2229"]
[PlyCount "96"]
[EventDate "2014.03.04"]
[EventType "swiss"]
[EventRounds "10"]
[EventCountry "ISL"]
[SourceTitle "CBM 159 Extra"]
[Source "ChessBase"]
[SourceDate "2014.04.24"]
[SourceVersion "1"]
[SourceVersionDate "2014.04.24"]
[SourceQuality "1"]

1. Nf3 d5 2. g3 c5 3. Bg2 Nc6 4. d4 e6 5. 0-0 Nf6 6. c3 Be7 7. Nbd2 0-0 8. Nb3 b6 9. Bf4 Bb7 10. Rc1 Rc8 11. Re1 Ne4 12. Be3 Bd6 13. Nfd2 Nxd2 14. Nxd2 cxd4 15. cxd4 Qf6 16. Nf3 Na5 17. Qd3 Nc4 18. Bg5 Qg6 19. Qxg6 hxg6 20. b3 Na3 21. Rxc8 Rxc8 22. Rc1 Rxc1+ 23. Bxc1 Ba6 24. Bf1 Nc2 25. Bb2 f6 26. Bc3 Bb4 27. Bb2 Bf8 28. Nd2 Nb4 29. a4 Nc6 30. e3 Bxf1 31. Kxf1 Bb4 32. Ke2 Na5 33. Kd3 Bxd2 34. Kxd2 Nxb3+ 35. Kc3 Na5 36. Kb4 a6 37. f3 Nc6+ 38. Kc3 Kf7 39. Kd3 Na5 40. Bc3 Nc4 41. h3 Ke7 42. g4 f5 43. h4 fxg4 44. fxg4 a5 45. e4 Kd7 46. exd5 exd5 47. Be1 Kc6 48. Bg3 b5 0-1

[Event "Copenhagen Bronshoj Weekend-B"]
[Site "Copenhagen"]
[Date "2012.10.14"]
[Round "5"]
[White "Christensen, Esben"]
[Black "Andersen, Niels Erik"]
[Result "0-1"]
[WhiteElo "2023"]
[BlackElo "1948"]
[PlyCount "110"]
[EventDate "2012.10.12"]
[EventType "tourn"]
[EventRounds "5"]
[EventCountry "DEN"]
[SourceTitle "EXT 2016"]
[Source "ChessBase"]
[SourceDate "2015.10.08"]
[SourceVersion "1"]
[SourceVersionDate "2015.10.08"]
[SourceQuality "1"]

1. e4 c5 2. Nf3 d6 3. d4 cxd4 4. Nxd4 Nf6 5. Nc3 a6 6. Bg5 e6 7. Qd2 Be7 8. a4 h6 9. Bh4 Nbd7 10. Be2 0-0 11. Bg3 Ne5 12. f4 Nc6 13. Nb3 Qc7 14. 0-0 Na5 15. Nxa5 Qxa5 16. Rfd1 Qc7 17. Bf3 Rd8 18. Bf2 Bd7 19. a5 d5 20. e5 Nh7 21. Bxd5 Bb5 22. Qe3 exd5 23. Nxd5 Rxd5 24. Rxd5 Nf8 25. Rd2 Rc8 26. c3 Qc4 27. Qg3 Qe6 28. Bd4 Qf5 29. Qf2 Ne6 30. Be3 Nc5 31. Rd5 Ne6 32. Rc1 Rd8 33. Rxd8+ Bxd8 34. b4 Be7 35. Re1 Bc6 36. Rd1 h5 37. Kf1 Qg4 38. Re1 Bh4 39. g3 Be7 40. Rc1 h4 41. Ke1 hxg3 42. hxg3 g6 43. Kd2 Ng7 44. Rg1 Qd7+ 45. Kc1 Nf5 46. Bb6 Qd3 47. Kb2 Ba4 48. g4 Nh4 49. Rg3 Qd1 50. Bd4 Qb3+ 51. Ka1 Qd1+ 52. Kb2 Nf3 53. Qxf3 Qc2+ 54. Ka1 Bb3 55. Rg2 Qc1# 0-1

[Event "Copenhagen Bronshoj Weekend-B"]
[Site "Copenhagen"]
[Date "2012.10.12"]
[Round "1"]
[White "Andersen, Niels Erik"]
[Black "Stolberg Rohr, Thomine"]
[Result "0-1"]
[WhiteElo "1948"]
[BlackElo "1998"]
[PlyCount "132"]
[EventDate "2012.10.12"]
[EventType "tourn"]
[EventRounds "5"]
[EventCountry "DEN"]
[SourceTitle "EXT 2016"]
[Source "ChessBase"]
[SourceDate "2015.10.08"]
[SourceVersion "1"]
[SourceVersionDate "2015.10.08"]
[SourceQuality "1"]

1. d4 g6 2. Nf3 Bg7 3. c3 d6 4. g3 Nd7 5. Bg2 e5 6. dxe5 dxe5 7. 0-0 Ne7 8. Qb3 0-0 9. Rd1 Qe8 10. Nbd2 Kh8 11. Ne4 Rb8 12. Be3 Nb6 13. Bc5 Be6 14. Qc2 f5 15. Neg5 Bg8 16. b3 h6 17. Nh4 hxg5 18. Bxe7 gxh4 19. Bxf8 Qxf8 20. a4 e4 21. Rac1 Qe7 22. c4 Nd7 23. Qd2 Ne5 24. Qa5 Nc6 25. Qe1 Nd4 26. b4 hxg3 27. hxg3 e3 28. Rd3 exf2+ 29. Kxf2 Re8 30. e3 Nc6 31. Bxc6 bxc6 32. Qh1+ Bh7 33. Qxc6 Bh6 34. Re1 f4 35. Rh1 fxg3+ 36. Kg2 Qf8 37. Rf1 Qe7 38. Rh1 Rd8 39. Rhd1 Rxd3 40. Rxd3 Qf8 41. Qf3 Bg8 42. Qxf8 Bxf8 43. Rd8 Bxb4 44. Kxg3 Bd6+ 45. Kf3 Kg7 46. c5 Bxc5 47. Rd7+ Kf6 48. Rxc7 Bb6 49. Rc3 Bd5+ 50. e4 Bb7 51. Rb3 Bc6 52. Ra3 Ke5 53. a5 Bxe4+ 54. Kg4 Bc5 55. Ra1 Bf5+ 56. Kg3 g5 57. a6 Ke4 58. Ra5 Bd6+ 59. Kg2 g4 60. Rb5 Be5 61. Rb7 Bd4 62. Rb4 Bc8 63. Ra4 Bd7 64. Rb4 Kd5 65. Rb7 Bc6 66. Rb3 Kc4+ 0-1

[Event "Copenhagen Bronshoj Efteraar-A"]
[Site "Copenhagen"]
[Date "2012.10.11"]
[Round "1"]
[White "Andersen, Niels Erik"]
[Black "Nielsen, John Holm"]
[Result "0-1"]
[WhiteElo "1948"]
[BlackElo "2027"]
[PlyCount "38"]
[EventDate "2012.10.11"]
[EventType "tourn"]
[EventRounds "5"]
[EventCountry "DEN"]
[SourceTitle "EXT 2016"]
[Source "ChessBase"]
[SourceDate "2015.10.08"]
[SourceVersion "1"]
[SourceVersionDate "2015.10.08"]
[SourceQuality "1"]

1. d4 d5 2. Nf3 Nf6 3. c4 c6 4. Nc3 dxc4 5. a4 Bf5 6. Ne5 e6 7. Nxc4 Be7 8. f3 c5 9. dxc5 Qxd1+ 10. Nxd1 Bxc5 11. e4 Bg6 12. Be3 Bb4+ 13. Nc3 0-0 14. Be2 Nc6 15. 0-0 Rfd8 16. Rfd1 Ne8 17. Nb5 a6 18. Nd4 Nxd4 19. Bxd4 Rxd4 0-1

[Event "Copenhagen Bronshoj-chB"]
[Site "Copenhagen"]
[Date "2012.05.24"]
[Round "9"]
[White "Andersen, Niels Erik"]
[Black "Skjoldager, Mikael"]
[Result "0-1"]
[WhiteElo "1946"]
[BlackElo "2020"]
[PlyCount "62"]
[EventDate "2012.03.01"]
[EventType "tourn"]
[EventRounds "9"]
[EventCountry "DEN"]
[SourceTitle "EXT 2016"]
[Source "ChessBase"]
[SourceDate "2015.10.08"]
[SourceVersion "1"]
[SourceVersionDate "2015.10.08"]
[SourceQuality "1"]

1. d4 Nf6 2. c4 e6 3. g3 d5 4. Bg2 Be7 5. Nc3 0-0 6. Nf3 dxc4 7. 0-0 Nc6 8. e3 a6 9. a4 Rb8 10. Nd2 Na5 11. Qe2 c5 12. dxc5 Nd5 13. Nxc4 Nxc3 14. bxc3 Bxc5 15. Rb1 Qc7 16. Nd2 Bd7 17. Ne4 Be7 18. Qa2 Qc4 19. Qxc4 Nxc4 20. Nd2 Nxd2 21. Bxd2 Bxa4 22. Rxb7 Rxb7 23. Bxb7 Rd8 24. Ra1 Bb5 25. Be1 Be2 26. Ra2 Bc4 27. Ra1 a5 28. Bg2 Bb3 29. Bc6 a4 30. f3 a3 31. Kf2 Rd1 0-1

[Event "Copenhagen Bronshoj-chB"]
[Site "Copenhagen"]
[Date "2012.05.10"]
[Round "8"]
[White "Nielsen, Jesper"]
[Black "Andersen, Niels Erik"]
[Result "1-0"]
[WhiteElo "2091"]
[BlackElo "1946"]
[PlyCount "83"]
[EventDate "2012.03.01"]
[EventType "tourn"]
[EventRounds "9"]
[EventCountry "DEN"]
[SourceTitle "EXT 2016"]
[Source "ChessBase"]
[SourceDate "2015.10.08"]
[SourceVersion "1"]
[SourceVersionDate "2015.10.08"]
[SourceQuality "1"]

1. d4 Nf6 2. c4 g6 3. g3 Bg7 4. Bg2 d5 5. cxd5 Nxd5 6. Nf3 Nb6 7. Nc3 0-0 8. 0-0 Nc6 9. e3 a5 10. b3 Bf5 11. Bb2 Qd7 12. Ne1 Bh3 13. Nd3 Bxg2 14. Kxg2 Rfd8 15. Nc5 Qc8 16. Qf3 Nd7 17. N3a4 Nxc5 18. Nxc5 Rd6 19. Rac1 a4 20. Nxa4 Ra5 21. Rc5 Rxc5 22. Nxc5 Qa8 23. a3 Na5 24. Rc1 Nc6 25. b4 Qc8 26. Qe2 g5 27. Ne4 Rg6 28. b5 Qf5 29. f3 Na7 30. Rxc7 g4 31. Rxb7 Rh6 32. Nd2 Qc2 33. fxg4 Qxb2 34. Rxa7 Re6 35. Ra8+ Bf8 36. Qd3 Qa2 37. e4 Rf6 38. g5 Rg6 39. h4 h6 40. gxh6 Rxh6 41. Rc8 Qe6 42. Rc6 1-0

[Event "Copenhagen Bronshoj-chB"]
[Site "Copenhagen"]
[Date "2012.04.12"]
[Round "5"]
[White "Andersen, Niels Erik"]
[Black "Willerup, Martin Kisby"]
[Result "1/2-1/2"]
[WhiteElo "1946"]
[BlackElo "2027"]
[PlyCount "69"]
[EventDate "2012.03.01"]
[EventType "tourn"]
[EventRounds "9"]
[EventCountry "DEN"]
[SourceTitle "EXT 2016"]
[Source "ChessBase"]
[SourceDate "2015.10.08"]
[SourceVersion "1"]
[SourceVersionDate "2015.10.08"]
[SourceQuality "1"]

1. d4 d5 2. c4 dxc4 3. Nc3 Nf6 4. e3 e6 5. Bxc4 a6 6. Nf3 c5 7. 0-0 b5 8. Be2 Bb7 9. dxc5 Qxd1 10. Rxd1 Bxc5 11. Ne5 Nbd7 12. Nxd7 Nxd7 13. Bd2 Ke7 14. Rac1 Rac8 15. Bd3 Nf6 16. Ne2 Ne4 17. Ba5 Bd6 18. Nd4 Rxc1 19. Rxc1 Nc5 20. Be2 Bd5 21. b3 Kd7 22. f3 Rc8 23. e4 Bb7 24. Bb6 Ke7 25. Kf1 Ke8 26. g3 Nd7 27. Rxc8+ Bxc8 28. Ba5 Nb8 29. Bc3 Bb7 30. Nc2 f6 31. a4 bxa4 32. bxa4 Nc6 33. Bc4 Kd7 34. Nd4 Nxd4 35. Bxd4 1/2-1/2